h1

h2

h3

h4

h5
h6
001017755 001__ 1017755
001017755 005__ 20250924040224.0
001017755 0247_ $$aG:(EFRE)0801922$$d0801922
001017755 035__ $$aG:(EFRE)0801922
001017755 150__ $$aAffectiveMind$$y2019-01-11 - 2022-12-31
001017755 450__ $$aEFRE 0801922$$wd$$y2019-01-11 - 2022-12-31
001017755 5101_ $$0I:(DE-588b)64694-5$$aEuropäischer Fonds für Regionale Entwicklung$$bEFRE
001017755 5101_ $$0I:(DE-588b)4042570-8$$aNordrhein-Westfalen$$bNRW
001017755 909CO $$ooai:publications.rwth-aachen.de:1017755$$pauthority$$pauthority:GRANT
001017755 909CO $$ooai:publications.rwth-aachen.de:1017755
001017755 980__ $$aG
001017755 980__ $$aAUTHORITY